Las guerras del futuro: la supervivencia en el alba del siglo XXI
Saved in:
| Main Authors: | , |
|---|---|
| Format: | Bog |
| Sprog: | spansk |
| Udgivet: |
Barcelona
Plaza y Janes
1994
|
| Udgivelse: | 2a. ed |
| Fag: | |
| Tags: |
Tilføj Tag
Ingen Tags, Vær først til at tagge denne postø!
|
MARC
| LEADER | 00000cam a2200000 a 4500 | ||
|---|---|---|---|
| 001 | UCD6842 | ||
| 003 | CL-VaPUC | ||
| 008 | 170226e19940000sp |||||||||||||||||spa|d | ||
| 020 | |a 840137510X | ||
| 082 | 0 | 4 | |a 303.49 |b TOF |2 21 |
| 100 | 0 | |a Toffler, Alvin |e author |9 382891 | |
| 700 | 0 | |a Toffler, Heidi |e author |9 590684 | |
| 245 | 1 | 4 | |a Las guerras del futuro: la supervivencia en el alba del siglo XXI |
| 250 | |a 2a. ed | ||
| 300 | |a 387 p | ||
| 942 | |c BK | ||
| 945 | |d 20170226 00:48:00 |a dcastane | ||
| 260 | |a Barcelona |b Plaza y Janes |c 1994 | ||
| 650 | 0 | |a Sociología |9 255410 | |
| 650 | 0 | |a Economía política |9 255814 | |
| 650 | 0 | |a Sociedad contemporánea |9 337179 | |
| 650 | 7 | |a FUTUROLOGIA |2 CL-VaPUC |9 328866 | |
| 650 | 0 | |a Guerras |9 255273 | |
| 583 | |a last modification |c 20170226 00:48:00 |k Rodrigo Vera | ||
| 999 | |c 367019 |d 367017 | ||
| 952 | |0 0 |1 0 |3 erb |4 0 |6 303_490000000000000_TOF_1994 |7 0 |8 A |9 481698 |a BIBENE |b BIBENE |i 5328055 |o 303.49 TOF 1994 |p 5328055 |r 2025-01-15 |w 2019-11-24 |y BK |z Catalogado en:20170226 |k ICO | ||
| 952 | |0 0 |1 0 |3 erb |4 0 |6 303_490000000000000_TOF_1994 |7 0 |8 A |9 481699 |a BIBENE |b BIBENE |i 5328063 |o 303.49 TOF 1994 |p 5328063 |r 2025-01-15 |w 2019-11-24 |y BK |z Catalogado en:20170226 |k ICO | ||